Exposición de esculturas
Guardado en:
| Autor principal: | |
|---|---|
| Formato: | Libro |
| Lenguaje: | español |
| Publicado: |
Santiago
Galeria Epoca
1982
|
| Materias: | |
| Etiquetas: |
Agregar Etiqueta
Sin Etiquetas, Sea el primero en etiquetar este registro!
|
MARC
| LEADER | 00000nam a2200000 a 4500 | ||
|---|---|---|---|
| 001 | UCV9516 | ||
| 003 | CL-VaPUC | ||
| 008 | 921109e19820000CL |||||||||||||||||spa|d | ||
| 082 | 0 | 4 | |a 735.23 |b GIR |2 21 |
| 100 | |a Girola Iommi, Claudio |e autor |9 887649 | ||
| 245 | 1 | 0 | |a Exposición de esculturas |
| 300 | |a 10 p | ||
| 942 | |c BK | ||
| 945 | |d 19921109 00:00:00 | ||
| 260 | |a Santiago |b Galeria Epoca |c 1982 | ||
| 650 | 7 | |a ESCULTURA MODERNA |2 CL-VaPUC |9 268158 | |
| 583 | |a last modification |c 19921109 00:00:00 |k Rodrigo Vera | ||
| 999 | |c 214837 |d 214835 | ||
| 952 | |0 0 |1 0 |4 0 |6 735_230000000000000_GIR_1982 |7 0 |8 A |9 198604 |a BIBARQ |b BIBARQ |d 2019-11-14 |i 2660393 |o 735.23 GIR 1982 |p 2660393 |r 2025-01-20 |w 2019-11-14 |y BK |k ARQ | ||
| 952 | |0 0 |1 0 |4 0 |6 735_230000000000000_GIR_1982 |7 0 |8 A |9 198605 |a BIBARQ |b BIBARQ |d 2019-11-14 |i 3274942 |l 3 |o 735.23 GIR 1982 |p 3274942 |r 2025-01-20 |s 2024-04-11 |w 2019-11-14 |y BK |k ARQ | ||